000 01179nam a22002657a 4500
005 20170124103022.0
010 _aA-717161
020 _c150.00
_a8185720215
035 _aA-717161
037 _bCen Lib/Ret
040 _aDPL
_bHN
082 _a
_bमौंताया
100 _aमौंताया्
_9112144
245 _aराह रोता मुसाफ़िर /
_cमौंताया्; अनुवादक चन्द्रप्रकाश प्रभाकर
246 _aRah rota musafir /
_bby Mauntaya; anuvadak Chandra Prakash Prabhakar
260 _aनयी दिल्ली
_bइरावदी पब्लिकेशन्स
_c1994
270 _bनयी दिल्ली
_aसी-४८७, विकास पूरी
_e110018
300 _a171पृ.
_c21सेमी(सजिल्द)
650 _aबर्मीज़ साहित्य
_9112145
650 _aउपन्यास
_9112146
650 _aBurmese literature
_929834
650 _aFiction
_98901
700 _aप्रभाकर, चन्द्र प्रकाश
_9112147
942 _2ddc
_cHN
_h
_mमौंताया
999 _c115348
_d115348